| 000 | 00685nam a2200253Ia 4500 | ||
|---|---|---|---|
| 003 | OSt | ||
| 005 | 20221005131040.0 | ||
| 006 | a|||||r|||| 00| 0 | ||
| 007 | ta | ||
| 008 | 221004b |||||||| |||| 00| 0 eng d | ||
| 024 | _a43810 | ||
| 037 | _cTextual | ||
| 040 |
_aCRL _cCRL _beng |
||
| 041 |
_2eng _aeng |
||
| 082 | _aO15:2xF9, 111A.1-.2 | ||
| 100 |
_aWison Horace Hayman Tr. _9639057 |
||
| 245 | 0 | _aSelect specimens of the theatre of the Hindus | |
| 250 | _a2nd | ||
| 260 | _c1870 | ||
| 650 | _a ENGLISH LITERATURE | ||
| 650 | _aSANSKRIT LITERATURE | ||
| 942 |
_hO15:2xF9, 111A.1-.2 _cTEXL _2cc |
||
| 999 |
_c1059186 _d1059186 |
||